<?xml version="1.0" encoding="UTF-8"?>
<collection xmlns="http://www.loc.gov/MARC21/slim">
  <record>
    <leader>00000nam  2200000   4500</leader>
    <controlfield tag="001">INLIS000000000018266</controlfield>
    <controlfield tag="005">20240923014757</controlfield>
    <datafield tag="035" ind1="#" ind2="#">
      <subfield code="a">0010-0924000095</subfield>
    </datafield>
    <controlfield tag="007">ta</controlfield>
    <controlfield tag="008">240923###########################0######</controlfield>
    <datafield tag="245" ind1="#" ind2="#">
      <subfield code="a">Klinik Pace Lapor Keuda :</subfield>
      <subfield code="b">Percepatan Penyusunan Laporan Keungan Daerah /</subfield>
      <subfield code="c">Welem Malak., S.E., M.M</subfield>
    </datafield>
    <datafield tag="260" ind1="#" ind2="#">
      <subfield code="a">Makassar :</subfield>
      <subfield code="b">Puslatbang KMP LAN RI Makassar,</subfield>
      <subfield code="c">2023</subfield>
    </datafield>
    <datafield tag="300" ind1="#" ind2="#">
      <subfield code="a">44 ;</subfield>
      <subfield code="c">30</subfield>
    </datafield>
    <datafield tag="700" ind1=" " ind2="#">
      <subfield code="a">Efer Sigidifat, S.E., M.M (Mentor)</subfield>
    </datafield>
    <datafield tag="700" ind1=" " ind2="#">
      <subfield code="a">Milawaty., S.S.,M.M (Coach)</subfield>
    </datafield>
    <datafield tag="520" ind1="#" ind2="#">
      <subfield code="a">Dengan diberlakukannya pengelolaan keuangan dengan aplikasi SIPD Keuangan dan FMIS di Kabupaten Sorong sangat membantu dalam proses laporan pertanggungjawaban keuangan. Dengan menginput data pengeluaran, semua laporan akan diproses dengan aplikasi tetapi permasalahan yang muncul adalah keterlambatan penyampaian SPJ dari PPTK selaku pelaksana teknis kegiatan dan kepatuhan terhadap jadwal pelaksanaan kegiatan.&#13;
Hal tersebut menjadi masalah prioritas yang dihadapi oleh Bidang Akuntansi, Verifikasi dan Pelaporan BPKAD Kabupaten Sorong.Dengan adanya masalah tersebut akan berakibat pada keterlambatan penyusunan laporan pertanggungjawaban keuangan. Keterlambatan penyampaian dokumen SPJ dari PPTK ke Bendahara pengeluaran akan mengakibatkan realisasi anggaran tidak tepat waktu dari jadwal yang telah ditetapkan.&#13;
Untuk mengatasi permasalahan tersebut solusi yang ditawarkan yaitu melalui aksi perubahan Coaching Clinic Penyusunan Laporan Pertanggungjawaban Keuangan pada BPKAD Kabupaten Sorong.&#13;
Aksi perubahan ini terdiri dari 4 (empat) milestone yaitu :terlaksananya pembangunan komitmen dan dukungan, terlaksananya Penyiapan coaching clinic, terlaksananya coaching clinic penyusunan laporan pertanggungjawaban keuangan, dan terlaksananya monitoring dan evaluasi.&#13;
Seluruh kegiatan telah terlaksana dan diselesaikan tepat waktu.Adapun capaian yang dihasilkan yaitu terlaksananya pendampingan dan pembinaan bagi SDM bendahara serta meningkatnya pemahaman dan keterampilan bendahara dalam penyusunan laporan keuangan tepat waktu.&#13;
Aksi perubahan ini akan dilanjutkan di jangka menengah dengan pengembangan kegiatan coaching clinic bagi seluruh OPD lingkup Pemerintah Kabupaten Sorong. Sedangkan di jangka' panjang akan dilakukan pengembangan penatausahaan SPJ berbasis digital (e-SPJ).</subfield>
    </datafield>
    <datafield tag="600" ind1="#" ind2="4">
      <subfield code="a">Percepatan Laporan Pengelolaan Keuangan</subfield>
    </datafield>
    <datafield tag="856" ind1="#" ind2="#">
      <subfield code="a">Puslatbang KMP LAN RI Makassar</subfield>
    </datafield>
  </record>
</collection>
